000 00567nam a2200193Ia 4500
005 20250508160728.0
008 008 250505s9999 xx 000 0 eng d
037 _aTextual
040 _aFEDL
_beng
_cFEDL
041 _aeng
_2eng
084 _a370.7, EVA
_qFEDL
100 _aEvans David R.
_911291
245 0 _aTeachers as agents of National development : A case study of uganda
260 _aNew York, USA
_bPraeger Publishers
_c1971
300 _axviii,245p.
650 _aEducation
942 _cTEXL
_h370.7, EVA
999 _c1366283
_d1366283